00278nam a2200121Ia 4500008004100000100002200041245001100063260002700074300000900101650002200110942000700132999001700139190216s9999||||xx |||||||||||||| ||und|| aPonkunnam Varkey 0aAltara bIndian Press Pvtc1978 a130p aMalayalam Nadakam cBK c23957d23957